00855nam a2200253Ia 450000500170000000800410001702000150005804100080007310000310008124500830011225000220019530000240021753400430024165000270028465000300031165000380034170000350037926400530041433600270046733700330049433800280052704000350055508400110059020220316235447.0121119s1996 ck gr 000 p spa  a95836002611 aspa1 aHeine, Heinrichd1797-185610aSueños y canciones cHeinrich Heine ; traducción y prólogo de Luis Fayad aPrimera edición a99 páginasc21 cm bTexto bilingue en español y alemán14aPoesía alemana2LEMB14aSueñosvPoesías2LEMB14aRomanticismo en la poesía2LEMB1 aFayad, Luis,d1945-etraductor aSanta Fé de BogotábEl Ancora Editoresc1996 atextobtxt2rdacontent asin mediaciónbn2rdamedia avolumenbnc2rdacarrier aCO-BoRNBPbspaerdacCO-BoRNBP aP HEI3